NBA Players by their Accolades - Statistics

General Stats
  • This quiz has been taken 86 times
    80 since last reset
  • The average score is 7 of 15
Answer Stats
Accolades Answer % Correct
6× NBA champion, 6× NBA Finals MVP, 5× NBA MVP, 14× NBA All-Star, 10× All-NBA First Team, NBA DPOY, NBA Rookie of the Year Michael Jordan
83%
4× NBA champion, 4× NBA Finals MVP, 4× NBA MVP, 19× NBA All-Star, 13× All-NBA First Team, NBA Rookie of the Year Lebron James
72%
5× NBA champion, 2× NBA Finals MVP, NBA MVP, 18× NBA All-Star, 11× All-NBA First Team Kobe Bryant
71%
6× NBA champion, 2× NBA Finals MVP, 6× NBA MVP, 19× NBA All-Star, 10× All-NBA First Team, NBA Rookie of the Year Kareem Abdul-Jabbar
66%
4× NBA champion, NBA Finals MVP, 2× NBA MVP, 9× NBA All-Star, 4× All-NBA First Team Steph Curry
53%
10× NBA champion, 5× NBA All-Star Sam Jones
50%
4× NBA champion, 3× NBA Finals MVP, NBA MVP, 15× NBA All-Star, 8× All-NBA First Team, NBA Rookie of the Year Shaquille O'neal
50%
NBA champion, NBA Finals MVP, 3× NBA MVP, 12× NBA All-Star, 4× All-NBA First Team Moses Malone
47%
2× NBA champion, NBA Finals MVP, 4× NBA MVP, 13× NBA All-Star, 7× All-NBA First Team, NBA Rookie of the Year Wilt Chamberlain
45%
2× NBA champion, 2× NBA Finals MVP, NBA MVP, 12× NBA All-Star, 6× All-NBA First Team, 2× NBA DPOY Hakeem Olajuwon
43%
3× NBA champion, NBA Finals MVP, 13× NBA All-Star, 2× All-NBA First Team Dwyane Wade
38%
NBA champion, NBA Finals MVP, 2× NBA MVP, 7× NBA All-Star, 5× All-NBA First Team, NBA DPOY, NBA MIP Giannis Antetokounmpo
36%
NBA champion, NBA Finals MVP, NBA MVP, 14× NBA All-Star, 4× All-NBA First Team, Dirk Nowitzki
28%
NBA champion, 9× NBA All-Star, 2× All-NBA First Team, NBA DPOY, Gary Payton
16%
NBA champion, NBA MVP, 12× NBA All-Star, 9x All-NBA First Team, NBA Rookie of the Year Oscar Robertson
14%
No matching quizzes found
Score Distribution
Percent of People with Each Score
Percentile by Number Answered
Your Score History
You have not taken this quiz since the last reset